00417pab a2200145 454500008004000000100001800040245007700058260000900135300001300144362000800157650002200165650002600187650001700213773004100230180718b2001 xxu||||| |||| 00| 0 eng d aZalluar, Alba aViolence in Rio de Janeiro: styles of leisure, drug use, and trafficking c2001 ap.369-78 aSep aViolence - Brazil aDrug traffic - Brazil aDrug traffic aInternational Social Science Journal